| 000 | 01874cam a22004694i 4500 | ||
|---|---|---|---|
| 003 | PE-LiUPU | ||
| 005 | 20250731172936.0 | ||
| 008 | 150623s r 000 0 d | ||
| 020 | _a0802842305 | ||
| 035 | _a(Sirsi) i9780802842305 | ||
| 040 |
_aPE-LiUPU _bspa _cPE-LiUPU _erda |
||
| 049 | _aPRUA | ||
| 082 | 0 | 4 |
_a296.155 _bE35 _221 |
| 100 | 1 |
_aCraiga, Evans, _eautor. |
|
| 245 | 1 | 0 |
_aEschatology, messianism, and the dead sea scrolls / _cEvans Craiga. |
| 264 | 1 |
_aMichigan : _bWilliam B. Eerdmans Publishing Company, _c1997. |
|
| 300 |
_a176 páginas ; _c24 centímetros |
||
| 336 |
_atext _2rdacontent |
||
| 337 |
_aunmediated _2rdamedia |
||
| 338 |
_avolume _2rdacarrier |
||
| 490 | 0 |
_aStudies in the dead sea scrolls and related literature ; _v1 |
|
| 504 | _aIncluye bibliografía. | ||
| 505 | 0 | _aMoses' birth story: a biblical matrix for prophetic messianism. -The redeeming king: Psalm 72's contribution to the messianic ideal. -The Daniel tradition at Qumran. -Who ascended to heaven? 4Q491, 4Q427, and the teacher of righteousness. -The expectation of the end in the dead sea scrolls. -Jesus and dead sea scrolls from Qumram cave 4. | |
| 526 | _aSEG42 | ||
| 526 | _aSEG41 | ||
| 526 | _aSEG40 | ||
| 526 | _aSEG39 | ||
| 526 | _aP94 | ||
| 526 | _aP87 | ||
| 526 | _aP86 | ||
| 526 | _aP85 | ||
| 526 | _aP77 | ||
| 526 | _aP76 | ||
| 526 | _aP35 | ||
| 650 | 0 | 4 |
_aManuscritos del mar muerto _xCrítica, interpretación, etc. |
| 942 |
_2ddc _cBOOK |
||
| 949 |
_a296.155 E35 _wDEWEY _c1 _i44404 _lCCODEBUL1 _mBUL _r0 _sY _tBOOK _u2015-6-24 _xTEOLOGIA _PP35 _0COMPRA _o.STAFF. Colección General |
||
| 994 |
_aC0 _bPEPRU |
||
| 596 | _a1 | ||
| 999 |
_a296.155 E35 _wDEWEY _c21285 _i44404 _f2021-11-11 _g5 _lCCODEBUL1 _mBUL _r0 _sY _tBOOK _u2015-6-24 _xTEOLOGIA _PP35 _0COMPRA _o.STAFF. Colección General _d21285 |
||
| 980 |
_81 _gALBERTO SANCHEZ Responsable de Automatización |
||